| 000 | 01119nam a2200301 i 4500 | ||
|---|---|---|---|
| 003 | DO-SdBNP | ||
| 005 | 20231009080406.0 | ||
| 006 | a||||gr|||| 00| 0 | ||
| 007 | ta | ||
| 008 | 231006e2015 gt ||||| |||| 00| f spa d | ||
| 020 | _a9789929700017 | ||
| 040 |
_aDO-SdBNP _bspa _cBNPHU _erda |
||
| 082 | 1 |
_222 _aG863.4 _bA859m, |
|
| 100 | 1 |
_aAsturias, Miguel Ángel, _d1899-1974 _95391 _eautor |
|
| 245 | 1 | 0 |
_aMaladrón : _b(epopeya de los Andes Verdes). / _cMiguel Ángel Asturias; cuidado de la edición: José Luis Perdomo Orellana y Raúl Figueroa Sarti |
| 264 |
_aGuatemala, _bF&G Editores, _c2015 |
||
| 300 |
_a247 páginas ; _c20 cm. |
||
| 336 |
_2rdacontent _atexto _btxt |
||
| 337 |
_2rdamedia _asin mediación _bn |
||
| 338 |
_2rdacarrier _avolumen _bnc |
||
| 490 |
_aBiblioteca Miguel Ángel Asturias ; _v6 |
||
| 500 | _aIncluye datos biográficos del autor en las solapas de las cubiertas. | ||
| 586 | _aPremio Nobel de Literatura, 1967 | ||
| 590 | _aInventariado 2023 / MF | ||
| 700 | 1 |
_aPerdomo Orellana, José Luis, _969116 _eeditor |
|
| 700 | 1 |
_aFigueroa Sarti, Raúl _eeditor _984406 |
|
| 942 |
_2ddc _cLBS1 |
||
| 999 |
_c55098 _d55098 |
||